000 00309nam a2200097Ia 4500
008 241105s9999 xx 000 0 und d
041 _aeng
100 _aNityanand Purva
245 _aPassive Solar Design For Effective Ventilation In Hot And Dry Climate
260 _bYCMOU Environmental Architecture, Pune
_c2011
999 _c360539
_d360539